[Event "Paris-ch 94th"]
[Site "Paris"]
[Date "2019.07.10"]
[Round "5"]
[White "Lutard, Theo"]
[Black "Macon, Arthur"]
[Result "1/2-1/2"]
[WhiteElo "2222"]
[BlackElo "2270"]
[PlyCount "206"]
[EventDate "2019.07.07"]
[EventType "swiss"]
[EventRounds "9"]
[EventCountry "FRA"]
[SourceTitle "CBM 191 Extra"]
[Source "ChessBase"]
[SourceDate "2019.09.30"]
[SourceVersion "1"]
[SourceVersionDate "2019.09.30"]
[SourceQuality "1"]

1. e4 c6 2. d4 d5 3. Nd2 dxe4 4. Nxe4 Bf5 5. Ng3 Bg6 6. h4 h6 7. Nf3 Nd7 8. h5 Bh7 9. Bd3 Bxd3 10. Qxd3 e6 11. Bd2 Ngf6 12. 0-0-0 Be7 13. Kb1 0-0 14. Ne4 Nxe4 15. Qxe4 Nf6 16. Qe2 Qd5 17. Be3 Qb5 18. c4 Qf5+ 19. Ka1 Ng4 20. Bc1 Rad8 21. Ne5 Nxe5 22. dxe5 f6 23. exf6 Qxf6 24. f3 Bc5 25. Rxd8 Rxd8 26. Re1 Kf7 27. g4 Bb4 28. Rd1 a5 29. f4 Rxd1 30. Qxd1 Qh4 31. Kb1 Be7 32. Qf3 Kg8 33. Bd2 Bb4 34. Be3 Qe1+ 35. Kc2 a4 36. a3 Be7 37. Bd2 Qh4 38. Qe2 Kf7 39. Qf3 Kg8 40. Kb1 Bf6 41. Qe2 Kf7 42. Qg2 Be7 43. Kc2 Bd6 44. Qf3 Kg8 45. Qe2 Kf7 46. Kb1 Be7 47. Qd1 Qf2 48. g5 hxg5 49. fxg5 Qd4 50. Qf3+ Ke8 51. Qf4 Qd3+ 52. Kc1 e5 53. Qxe5 Qxc4+ 54. Qc3 Qxc3+ 55. Bxc3 Bxg5+ 56. Kc2 Kf7 57. b3 b5 58. bxa4 bxa4 59. Bb2 Bf6 60. Bc1 Ke6 61. Kd3 Kd5 62. Kc2 Kc4 63. h6 gxh6 64. Bxh6 Be7 65. Bc1 Bf8 66. Bb2 Bh6 67. Bf6 Be3 68. Bg7 Bd4 69. Bh6 Be5 70. Bg5 c5 71. Bh6 Bf6 72. Bd2 Kd5 73. Bh6 Bd4 74. Bg5 Be5 75. Bh6 Ke4 76. Bg5 Bd4 77. Bh6 Kd5 78. Bg5 c4 79. Bh6 Bc5 80. Bc1 Bd6 81. Bb2 Bf4 82. Bg7 Bd6 83. Bb2 Bf4 84. Bg7 Be5 85. Bh6 Ke4 86. Bd2 Bf6 87. Bh6 c3 88. Bf8 Kd4 89. Bb4 Kc4 90. Ba5 Bg7 91. Bb4 Be5 92. Ba5 Bh8 93. Bb4 Bd4 94. Ba5 Bc5 95. Bxc3 Bxa3 96. Bb2 Bb4 97. Bc1 Bc3 98. Ba3 Be5 99. Bb2 Bxb2 100. Kxb2 Kb4 101. Ka2 a3 102. Kb1 Kb3 103. Ka1 a2 1/2-1/2

[Event "Paris Universities-ch"]
[Site "Paris"]
[Date "2019.02.03"]
[Round "8"]
[White "Dobrocmyslov, Artem"]
[Black "Lutard, Theo"]
[Result "1-0"]
[WhiteElo "2262"]
[BlackElo "2222"]
[PlyCount "88"]
[EventDate "2019.02.01"]
[EventType "swiss"]
[EventRounds "9"]
[EventCountry "FRA"]
[SourceTitle "CBM 188 Extra"]
[Source "ChessBase"]
[SourceDate "2019.02.26"]
[SourceVersion "1"]
[SourceVersionDate "2019.02.26"]
[SourceQuality "1"]

1. d4 e6 2. Nf3 b6 3. e4 Bb7 4. Bd3 d6 5. 0-0 Nd7 6. Qe2 g6 7. Bg5 Ne7 8. e5 Bxf3 9. Qxf3 d5 10. Bf6 Nxf6 11. exf6 Nc6 12. Bb5 Qd6 13. Nd2 0-0-0 14. Nc4 Qb4 15. Ba6+ Kb8 16. Ne5 Nxe5 17. dxe5 c5 18. Qe2 c4 19. b3 Qa5 20. Bxc4 dxc4 21. bxc4 Bc5 22. Rab1 Qd2 23. Qe4 Qd4 24. Qc6 Qxe5 25. a4 Rd6 26. Qf3 Bd4 27. Rb5 Qxf6 28. Qg3 e5 29. a5 Rhd8 30. axb6 Rxb6 31. Rfb1 Rxb5 32. Rxb5+ Bb6 33. h4 Rd1+ 34. Kh2 Kc8 35. Qg4+ Kc7 36. Qxd1 Qf4+ 37. Kh3 Qxf2 38. Rd5 Qe3+ 39. Kh2 Qf4+ 40. Kh3 Qf5+ 41. g4 Qe6 42. c5 Ba5 43. c4 e4 44. Qa4 Be1 1-0

[Event "Glorney Cup"]
[Site "Paisley"]
[Date "2018.07.18"]
[Round "5.11"]
[White "Onslow, Alfie"]
[Black "Lutard, Theo"]
[Result "1/2-1/2"]
[WhiteElo "2006"]
[BlackElo "2210"]
[PlyCount "69"]
[EventDate "2018.07.16"]
[EventType "team-tourn"]
[EventRounds "5"]
[EventCountry "SCO"]
[SourceTitle "EXT 2021"]
[Source "ChessBase"]
[SourceDate "2020.10.23"]
[SourceVersion "1"]
[SourceVersionDate "2020.10.23"]
[SourceQuality "1"]
[WhiteTeam "England U18"]
[BlackTeam "France U18"]
[WhiteTeamCountry "ENG"]
[BlackTeamCountry "FRA"]

1. e4 e6 2. d4 d5 3. Nd2 c5 4. exd5 Qxd5 5. Ngf3 cxd4 6. Bc4 Qd6 7. 0-0 Nf6 8. Nb3 Nc6 9. Nbxd4 Nxd4 10. Nxd4 Bd7 11. c3 Be7 12. Qf3 Qc7 13. Bb3 Bd6 14. h3 0-0 15. Bg5 Bh2+ 16. Kh1 Be5 17. Rfe1 Bxd4 18. cxd4 Bc6 19. Qe3 Nd5 20. Bxd5 Bxd5 21. Rac1 Qb6 22. b3 a5 23. Rc3 Rfe8 24. Bf4 Bc6 25. Be5 Qd8 26. Qf4 f6 27. Bd6 Qd7 28. Bc5 Rac8 29. Rg3 Kh8 30. Qg4 Qf7 31. Bb6 Ra8 32. Rc1 Rec8 33. Rgc3 Qg6 34. Qxg6 hxg6 35. Rc5 1/2-1/2

[Event "FRA-ch U16"]
[Site "Pau"]
[Date "2015.05.03"]
[Round "9"]
[White "Pigeat, Alexandre"]
[Black "Lutard, Theo"]
[Result "1/2-1/2"]
[WhiteElo "2066"]
[BlackElo "2134"]
[PlyCount "82"]
[EventDate "2015.04.26"]
[EventType "swiss"]
[EventRounds "9"]
[EventCountry "FRA"]
[SourceTitle "CBM 166 Extra"]
[Source "ChessBase"]
[SourceDate "2015.06.18"]
[SourceVersion "1"]
[SourceVersionDate "2015.06.18"]
[SourceQuality "1"]

1. d4 d5 2. c4 c6 3. cxd5 cxd5 4. Bf4 Nf6 5. e3 Nc6 6. Nc3 a6 7. Bd3 Bg4 8. Nge2 e6 9. 0-0 Bd6 10. f3 Bh5 11. Rc1 0-0 12. Na4 Bg6 13. Bxg6 hxg6 14. a3 Na5 15. b4 Nc4 16. Qd3 Bxf4 17. Nxf4 Qd6 18. Ne2 e5 19. e4 b5 20. exd5 Qxd5 21. Nac3 Qd7 22. a4 Nb2 23. Qb1 exd4 24. Qxb2 dxc3 25. Nxc3 bxa4 26. Rfd1 Qb7 27. Ra1 Rfc8 28. Rd4 Rab8 29. Qd2 Qc7 30. Nxa4 Rd8 31. Rd1 Rxd4 32. Qxd4 Qb7 33. Qh4 Qb5 34. Nc3 Qe5 35. Qd4 Qe7 36. Qc5 Qb7 37. Rd6 Qxb4 38. Qxb4 Rxb4 39. Rxa6 Rb2 40. Ra2 Rxa2 41. Nxa2 g5 1/2-1/2

[Event "Rochefort op 14th"]
[Site "Rochefort"]
[Date "2015.02.26"]
[Round "8"]
[White "Lutard, Theo"]
[Black "Larand, Manuel"]
[Result "0-1"]
[WhiteElo "2137"]
[BlackElo "2001"]
[PlyCount "58"]
[EventDate "2015.02.21"]
[EventType "swiss"]
[EventRounds "9"]
[EventCountry "FRA"]
[SourceTitle "CBM 165 Extra"]
[Source "ChessBase"]
[SourceDate "2015.04.21"]
[SourceVersion "1"]
[SourceVersionDate "2015.04.21"]
[SourceQuality "1"]

1. e4 d6 2. d4 Nf6 3. Nc3 g6 4. Be3 c6 5. f4 Bg7 6. Nf3 Qb6 7. a3 0-0 8. Qd2 Qxb2 9. Ra2 Qb6 10. h3 Qa5 11. e5 Nh5 12. Kf2 Bh8 13. g4 Ng7 14. Bd3 f5 15. Rg1 Be6 16. Raa1 Nd7 17. Ng5 fxg4 18. hxg4 Nb6 19. Kg3 dxe5 20. dxe5 h6 21. Nxe6 Nxe6 22. Bxg6 Bxe5 23. fxe5 Qxe5+ 24. Kg2 Nc4 25. Bd4 Qxd4 26. Qxh6 Rf2+ 27. Kh1 Qg7 28. Qxg7+ Kxg7 29. Bf5 Rh8+ 0-1

[Event "Wch U14"]
[Site "Durban"]
[Date "2014.09.25"]
[Round "7"]
[White "Lutard, Theo"]
[Black "Gelbenegger, Patrick"]
[Result "1-0"]
[WhiteElo "2056"]
[BlackElo "1754"]
[PlyCount "44"]
[EventDate "2014.09.20"]
[EventType "swiss"]
[EventRounds "11"]
[EventCountry "RSA"]
[SourceTitle "CBM 162 Extra"]
[Source "ChessBase"]
[SourceDate "2014.10.17"]
[SourceVersion "1"]
[SourceVersionDate "2014.10.17"]
[SourceQuality "1"]

1. e4 e5 2. Nf3 Nc6 3. d4 exd4 4. Nxd4 Bc5 5. Nb3 Bb6 6. Qe2 d6 7. Nc3 Be6 8. Be3 Nf6 9. 0-0-0 Ng4 10. Bxb6 axb6 11. Kb1 Nge5 12. h3 Bxb3 13. cxb3 0-0 14. f4 Nd7 15. g4 Qe8 16. g5 Nc5 17. Qf3 Kh8 18. h4 f5 19. gxf6 Rxf6 20. Bh3 Rf7 21. h5 Ne6 22. Rhe1 Ne5 1-0

[Event "Wch U14"]
[Site "Durban"]
[Date "2014.09.23"]
[Round "5"]
[White "Lutard, Theo"]
[Black "Van der Lingen, Cornelis Petrus"]
[Result "1-0"]
[WhiteElo "2056"]
[BlackElo "1727"]
[PlyCount "87"]
[EventDate "2014.09.20"]
[EventType "swiss"]
[EventRounds "11"]
[EventCountry "RSA"]
[SourceTitle "CBM 162 Extra"]
[Source "ChessBase"]
[SourceDate "2014.10.17"]
[SourceVersion "1"]
[SourceVersionDate "2014.10.17"]
[SourceQuality "1"]

1. e4 e5 2. Nf3 Nc6 3. d4 exd4 4. Nxd4 Nf6 5. Nxc6 bxc6 6. e5 Qe7 7. Qe2 Nd5 8. c4 Nb6 9. Nc3 Qe6 10. Qe4 Ba6 11. b3 g6 12. Bb2 Bg7 13. f4 d5 14. cxd5 cxd5 15. Nxd5 Qxd5 16. Qxd5 Nxd5 17. Bxa6 Nxf4 18. 0-0 Ne6 19. Bb7 Rb8 20. Bc6+ Kf8 21. Rac1 Bh6 22. Rc4 Rd8 23. Ba3+ Kg7 24. Be7 Rd2 25. Bf6+ Kg8 26. Bxh8 Kxh8 27. Rxf7 Be3+ 28. Kf1 Nd4 29. Rxd4 Rxd4 30. e6 Bg5 31. e7 Bxe7 32. Rxe7 Rd1+ 33. Kf2 Rc1 34. Rxc7 Rc2+ 35. Kg3 Rxa2 36. Ba4 a6 37. Ra7 Rd2 38. Rxa6 Rd3+ 39. Kf2 Rd2+ 40. Kf3 Rd3+ 41. Ke2 Rc3 42. Rd6 Rc7 43. b4 Rg7 44. b5 1-0

[Event "FRA-ch U14"]
[Site "Montbeliard"]
[Date "2014.04.27"]
[Round "9"]
[White "Lutard, Theo"]
[Black "Trouve, Guillaume"]
[Result "1-0"]
[WhiteElo "1917"]
[BlackElo "1950"]
[PlyCount "76"]
[EventDate "2014.04.21"]
[EventType "swiss"]
[EventRounds "9"]
[EventCountry "FRA"]
[SourceTitle "CBM 160 Extra"]
[Source "ChessBase"]
[SourceDate "2014.07.01"]
[SourceVersion "1"]
[SourceVersionDate "2014.07.01"]
[SourceQuality "1"]

1. e4 c5 2. Nf3 e6 3. d4 cxd4 4. Nxd4 Nf6 5. Bd3 Nc6 6. Nxc6 bxc6 7. 0-0 d5 8. e5 Nd7 9. f4 Bc5+ 10. Kh1 a5 11. Nd2 Qc7 12. Nf3 Be7 13. Qe1 Ba6 14. Bxa6 Rxa6 15. f5 c5 16. Qg3 g6 17. f6 Bf8 18. c4 Nb6 19. cxd5 Nxd5 20. Bd2 a4 21. Rfc1 Qb8 22. Rc2 h5 23. Rac1 Rb6 24. Qh4 Nb4 25. Rxc5 Bxc5 26. Rxc5 Nd3 27. Qxa4+ Kf8 28. Ra5 Nxb2 29. Qa3+ Kg8 30. Ra8 Kh7 31. Ng5+ Kh6 32. Rxb8 Rhxb8 33. Nxf7+ Kh7 34. Ng5+ Kh8 35. Qe7 R6b7 36. Qxe6 Nc4 37. Qxc4 Rb1+ 38. Bc1 Ra8 1-0

[Event "FRA-ch U14"]
[Site "Montbeliard"]
[Date "2014.04.23"]
[Round "5"]
[White "Laurent Paoli, Pierre"]
[Black "Lutard, Theo"]
[Result "1/2-1/2"]
[WhiteElo "1847"]
[BlackElo "1917"]
[PlyCount "121"]
[EventDate "2014.04.21"]
[EventType "swiss"]
[EventRounds "9"]
[EventCountry "FRA"]
[SourceTitle "CBM 160 Extra"]
[Source "ChessBase"]
[SourceDate "2014.07.01"]
[SourceVersion "1"]
[SourceVersionDate "2014.07.01"]
[SourceQuality "1"]

1. d4 d5 2. c4 c6 3. Nf3 Nf6 4. Nc3 dxc4 5. e3 b5 6. a4 b4 7. Nb1 Ba6 8. Nbd2 c3 9. bxc3 bxc3 10. Nb1 Bxf1 11. Kxf1 c5 12. Nxc3 cxd4 13. exd4 e6 14. Bg5 Be7 15. g3 Nc6 16. Kg2 0-0 17. Rc1 Rc8 18. Re1 h6 19. Bxf6 Bxf6 20. Ne4 Be7 21. Re2 Nb4 22. Rxc8 Qxc8 23. Ne5 Qb7 24. Kg1 Rd8 25. Nc3 Qb6 26. Rd2 Nc6 27. Nxc6 Qxc6 28. Rd3 Bb4 29. Ne2 Qb7 30. Nf4 Bd6 31. Ne2 Bb4 32. Nf4 Bd6 33. Ne2 Bc7 34. Nc3 Ba5 35. Ne2 Bc7 36. Nc3 Ba5 37. Ne2 Rd7 38. Rb3 Qc6 39. Rb8+ Rd8 40. Rxd8+ Bxd8 41. Nf4 Qd7 42. Ne2 Bf6 43. a5 Qd5 44. Qa4 Qf3 45. Qc4 Qe4 46. Qb5 Bxd4 47. Nxd4 Qxd4 48. Qe8+ Kh7 49. Qxf7 Qd1+ 50. Kg2 Qd5+ 51. Kg1 Qxa5 52. Qxe6 Qb6 53. Qf5+ Qg6 54. Qb5 a6 55. Qa4 Qd3 56. h4 Qb1+ 57. Kh2 Qb5 58. Qe4+ Kg8 59. Qa8+ Kf7 60. Qf3+ Ke6 61. Qe4+ 1/2-1/2

[Event "EU-ch U14 23rd"]
[Site "Budva"]
[Date "2013.10.01"]
[Round "3"]
[White "Trubchaninov, Timur"]
[Black "Lutard, Theo"]
[Result "1-0"]
[WhiteElo "2060"]
[BlackElo "1853"]
[PlyCount "169"]
[EventDate "2013.09.29"]
[EventType "swiss"]
[EventRounds "9"]
[EventCountry "MNE"]
[SourceTitle "EXT 2014"]
[Source "ChessBase"]
[SourceDate "2013.11.20"]
[SourceVersion "1"]
[SourceVersionDate "2013.11.20"]
[SourceQuality "1"]

1. e4 e5 2. Nf3 Nc6 3. Nc3 Nf6 4. d4 exd4 5. Nxd4 Bb4 6. Nxc6 bxc6 7. Bd3 0-0 8. 0-0 d5 9. exd5 cxd5 10. Bg5 c6 11. Qf3 Bd6 12. Rfe1 Rb8 13. Rab1 h6 14. Bxf6 Qxf6 15. Qxf6 gxf6 16. Ne2 Re8 17. Nd4 Bd7 18. Rxe8+ Rxe8 19. Nf5 Bxf5 20. Bxf5 Re7 21. g3 Bc5 22. Bd3 Re5 23. Kg2 Bb6 24. Rd1 Re7 25. Ba6 Kg7 26. Kf1 Kf8 27. Rd3 Rc7 28. Rf3 Kg7 29. Rf4 Re7 30. Bd3 Rb7 31. b3 Rd7 32. h4 Ba5 33. Kg2 Bb6 34. Kh3 Re7 35. Kg4 Re5 36. a4 Re1 37. Kf3 Re7 38. Kg2 Re1 39. Rf3 Re7 40. Kf1 Ba5 41. Be2 Re4 42. Rd3 Kf8 43. Rd1 Bc3 44. Bd3 Re7 45. Bf5 Kg7 46. Kg2 Kf8 47. Kf3 Kg7 48. Rd3 Ba5 49. Re3 Rxe3+ 50. fxe3 Bc3 51. h5 Kf8 52. Bd7 c5 53. Bc6 d4 54. exd4 cxd4 55. Ke4 Ke7 56. Bd5 a5 57. g4 Kf8 58. Kd3 Ke7 59. Kc4 f5 60. gxf5 Kf6 61. b4 axb4 62. Kb3 Kxf5 63. a5 d3 64. cxd3 Ke5 65. a6 Bd4 66. Bxf7 Bc5 67. Kc4 Kd6 68. Kb5 Ba7 69. Kxb4 Bd4 70. Kc4 Bb6 71. d4 Ba7 72. Bd5 Bb6 73. Bb7 Ba7 74. Kd3 Ke6 75. Ke4 Kf6 76. d5 Bc5 77. Bc6 Bb6 78. d6 Bc5 79. d7 Ke7 80. Kf5 Kd8 81. Kg6 Be3 82. a7 Bxa7 83. Kxh6 Bd4 84. Kh7 Ke7 85. h6 1-0

[Event "FRA-chT U20 16 GP Haute 1213"]
[Site "France"]
[Date "2013.05.19"]
[Round "10"]
[White "Paternoster, Thibaud"]
[Black "Lutard, Theo"]
[Result "0-1"]
[WhiteElo "1696"]
[BlackElo "1781"]
[PlyCount "72"]
[EventDate "2012.12.01"]
[EventType "team"]
[EventRounds "11"]
[EventCountry "FRA"]
[SourceTitle "EXT 2014"]
[Source "ChessBase"]
[SourceDate "2013.11.20"]
[SourceVersion "1"]
[SourceVersionDate "2013.11.20"]
[SourceQuality "1"]
[WhiteTeam "Nancy (U20)"]
[BlackTeam "Clichy (U20)"]
[WhiteTeamCountry "FRA"]
[BlackTeamCountry "FRA"]

1. d4 Nf6 2. c4 g6 3. Nc3 Bg7 4. e4 d6 5. Nf3 0-0 6. Be2 e5 7. dxe5 dxe5 8. Qxd8 Rxd8 9. Bg5 Re8 10. 0-0-0 Na6 11. Nxe5 Rxe5 12. Rd8+ Re8 13. Bxf6 Rxd8 14. Bxd8 Bh3 15. gxh3 Rxd8 16. Rd1 Rxd1+ 17. Nxd1 Nc5 18. f3 Be5 19. Kc2 Ne6 20. b3 Bxh2 21. Ne3 h5 22. Nf1 Bf4 23. Nd2 Kg7 24. Bf1 Kf6 25. Kd3 Kg5 26. Nb1 Be5 27. b4 Kh4 28. c5 Nf4+ 29. Kc4 Kg3 30. Nd2 Nxh3 31. Bxh3 Kxh3 32. b5 Kg2 33. Kd3 Bf4 34. a4 h4 35. a5 Bxd2 36. b6 cxb6 0-1

[Event "FRA-ch U14"]
[Site "Saint Paul Trois Chateaux"]
[Date "2013.05.05"]
[Round "8"]
[White "Lutard, Theo"]
[Black "Poulet, Sebastien"]
[Result "1/2-1/2"]
[WhiteElo "1817"]
[BlackElo "1848"]
[PlyCount "186"]
[EventDate "2013.04.28"]
[EventType "swiss"]
[EventRounds "9"]
[EventCountry "FRA"]
[SourceTitle "CBM 154 Extra"]
[Source "ChessBase"]
[SourceDate "2013.06.25"]
[SourceVersion "2"]
[SourceVersionDate "2013.06.25"]
[SourceQuality "1"]

1. e4 c5 2. Nf3 e6 3. b3 Nc6 4. Bb2 a6 5. c4 Qc7 6. g3 b6 7. Bg2 Bb7 8. 0-0 d6 9. d4 cxd4 10. Nxd4 Nf6 11. Nc3 Be7 12. Qd2 0-0 13. Rac1 Nxd4 14. Qxd4 Rab8 15. Rfd1 Rfd8 16. Ba3 Ba8 17. Qe3 Nd7 18. Qe2 Nc5 19. Rc2 Bc6 20. Rdc1 Rbc8 21. Bb2 Qb8 22. Nd5 Bf8 23. Nf6+ Kh8 24. Ng4 Qb7 25. Re1 b5 26. Rd2 f5 27. Ne3 Nxe4 28. Rdd1 Ng5 29. Rd3 Nf3+ 30. Bxf3 Bxf3 31. Qd2 Be4 32. Rc3 bxc4 33. Nxc4 d5 34. Ne5 Bb4 35. Nf7+ Qxf7 36. Rxc8 Rxc8 37. Qxb4 f4 38. Rc1 Rg8 39. Qd4 h6 40. Qe5 fxg3 41. Qxg3 Qh5 42. h3 Qe2 43. Be5 Qxa2 44. f3 Qd2 45. Rc7 Qd1+ 46. Kh2 Qe2+ 47. Kg1 Qe3+ 48. Kh2 Bg6 49. h4 h5 50. Kh1 d4 51. Qg5 Qxg5 52. hxg5 d3 53. Kg2 Bf5 54. Kf2 Kh7 55. Ke3 Kg6 56. Ra7 h4 57. Rxa6 h3 58. b4 Rd8 59. Kd2 Rc8 60. Ra2 Kxg5 61. Bg3 Rc6 62. b5 Rb6 63. Rb2 Kf6 64. Bc7 Rb7 65. b6 Ke7 66. Ra2 Kd7 67. Ra7 Kc6 68. Ke3 Rxa7 69. bxa7 Kb7 70. Bb8 Ka8 71. Kd2 h2 72. Bxh2 Kxa7 73. Be5 g6 74. Ke3 Kb6 75. f4 Kc5 76. Kd2 Kd5 77. Bb8 Ke4 78. Bc7 e5 79. fxe5 g5 80. Bb8 g4 81. Bc7 Kd5 82. Ke3 Ke6 83. Bd6 Bg6 84. Bc7 g3 85. Ba5 Bh5 86. Kxd3 Kxe5 87. Bb6 Kf4 88. Kd2 Kf3 89. Ke1 Kg2 90. Bc5 Kf3 91. Bb6 Kg2 92. Bc5 Kf3 93. Bb6 Kg2 1/2-1/2

[Event "FRA-ch U14"]
[Site "Saint Paul Trois Chateaux"]
[Date "2013.04.29"]
[Round "2"]
[White "Lutard, Theo"]
[Black "Seignat, Florian"]
[Result "1-0"]
[WhiteElo "1817"]
[BlackElo "1723"]
[PlyCount "95"]
[EventDate "2013.04.28"]
[EventType "swiss"]
[EventRounds "9"]
[EventCountry "FRA"]
[SourceTitle "CBM 154 Extra"]
[Source "ChessBase"]
[SourceDate "2013.06.25"]
[SourceVersion "2"]
[SourceVersionDate "2013.06.25"]
[SourceQuality "1"]

1. e4 d5 2. exd5 Nf6 3. d4 Bg4 4. Nf3 Qxd5 5. Be2 e6 6. 0-0 Nc6 7. c3 Bd6 8. h3 h5 9. Nbd2 g5 10. Ne4 Bxf3 11. Nxd6+ Qxd6 12. Bxf3 g4 13. Be2 Ne4 14. Bd3 Nf6 15. Bg5 Nd5 16. h4 Rg8 17. Be4 Kd7 18. c4 Nf4 19. d5 exd5 20. cxd5 Ne7 21. Qa4+ Kc8 22. Bxe7 Qxe7 23. Bf5+ Kb8 24. Qxf4 Rd8 25. Rfd1 a6 26. Rac1 Rd6 27. g3 Ka7 28. Qd4+ b6 29. Rc6 Rad8 30. Rdc1 Rxc6 31. Rxc6 Kb7 32. Be4 Ka7 33. Qc4 Kb8 34. d6 Rxd6 35. Rxd6 cxd6 36. Qc6 b5 37. Qa8+ Kc7 38. Qb7+ Kd8 39. Qxe7+ Kxe7 40. b4 Ke6 41. Bb7 Kd7 42. Kf1 Kc7 43. Bxa6 Kc6 44. Ke2 d5 45. Ke3 f6 46. Kd4 Kb6 47. Kxd5 Kxa6 48. Kc5 1-0

[Event "FRA-chT U20 GpB 1213"]
[Site "France"]
[Date "2013.01.05"]
[Round "6"]
[White "Aghamir Alrobiai, Nizar"]
[Black "Lutard, Theo"]
[Result "1/2-1/2"]
[WhiteElo "1755"]
[BlackElo "1781"]
[PlyCount "104"]
[EventDate "2012.12.01"]
[EventType "team"]
[EventRounds "7"]
[EventCountry "FRA"]
[SourceTitle "EXT 2014"]
[Source "ChessBase"]
[SourceDate "2013.11.20"]
[SourceVersion "1"]
[SourceVersionDate "2013.11.20"]
[SourceQuality "1"]
[WhiteTeam "Agneaux Saint Lo (U20)"]
[BlackTeam "Clichy (U20)"]
[WhiteTeamCountry "FRA"]
[BlackTeamCountry "FRA"]

1. e4 c5 2. Nf3 e6 3. c3 d5 4. exd5 Qxd5 5. d4 Nf6 6. Na3 Be7 7. Be3 cxd4 8. Nb5 Qd8 9. Nbxd4 0-0 10. Bd3 b6 11. Qe2 Bb7 12. Rg1 Nbd7 13. Bc2 Qc7 14. 0-0-0 Nc5 15. Nb5 Qb8 16. Bd4 Nfd7 17. Ne5 Bf6 18. Qh5 h6 19. Nxd7 Nxd7 20. Be3 Qe5 21. Qxe5 Nxe5 22. Nd6 Bd5 23. Be4 Bxe4 24. Nxe4 Be7 25. Bf4 Ng6 26. Bg3 Rfd8 27. Bc7 Re8 28. Nd6 Bxd6 29. Bxd6 Rad8 30. g3 Ne7 31. a4 Rd7 32. Ba3 Rd5 33. Rxd5 Nxd5 34. c4 Rc8 35. b3 Rc7 36. Kd2 Nf6 37. f3 Nd7 38. Rd1 Nc5 39. Kc3 Kf8 40. Bxc5+ bxc5 41. Rd6 Ke7 42. Ra6 Kd7 43. b4 cxb4+ 44. Kxb4 Rb7+ 45. Kc3 Rc7 46. Kd4 Kc8 47. c5 Kb7 48. Rd6 Rc6 49. Rd7+ Rc7 50. Rd6 Rc6 51. Rd7+ Rc7 52. Rd6 Rc6 1/2-1/2

[Event "FRA-chT U20 GpB 1213"]
[Site "France"]
[Date "2012.12.03"]
[Round "3"]
[White "Vigna, Leo"]
[Black "Lutard, Theo"]
[Result "1-0"]
[WhiteElo "1736"]
[BlackElo "1781"]
[PlyCount "63"]
[EventDate "2012.12.01"]
[EventType "team"]
[EventRounds "7"]
[EventCountry "FRA"]
[SourceTitle "EXT 2014"]
[Source "ChessBase"]
[SourceDate "2013.11.20"]
[SourceVersion "1"]
[SourceVersionDate "2013.11.20"]
[SourceQuality "1"]
[WhiteTeam "Lutece (U20)"]
[BlackTeam "Clichy (U20)"]
[WhiteTeamCountry "FRA"]
[BlackTeamCountry "FRA"]

1. e4 c6 2. d4 d5 3. exd5 cxd5 4. Bd3 Nc6 5. c3 Qc7 6. Be3 Nf6 7. h3 e6 8. Nf3 Bd6 9. 0-0 0-0 10. Qc2 h6 11. Nbd2 a6 12. a4 Bd7 13. Nb3 Rfc8 14. Qe2 Rab8 15. Rfc1 Na5 16. Nxa5 Qxa5 17. Ne5 Qd8 18. g4 Ne4 19. Bxe4 dxe4 20. g5 hxg5 21. Qg4 Be7 22. Qxe4 Bc6 23. Nxc6 Rxc6 24. f4 gxf4 25. Bxf4 Bd6 26. Rc2 Qh4 27. Rf1 Rbc8 28. Rg2 Bxf4 29. Rxf4 Qd8 30. Qe5 g6 31. Qh5 Qc7 32. Qh6 1-0

[Event "FRA-chT U20 GpB 1213"]
[Site "France"]
[Date "2012.12.01"]
[Round "1"]
[White "Lutard, Theo"]
[Black "Albaric, Etienne"]
[Result "1/2-1/2"]
[WhiteElo "1781"]
[BlackElo "1828"]
[PlyCount "49"]
[EventDate "2012.12.01"]
[EventType "team"]
[EventRounds "7"]
[EventCountry "FRA"]
[SourceTitle "EXT 2014"]
[Source "ChessBase"]
[SourceDate "2013.11.20"]
[SourceVersion "1"]
[SourceVersionDate "2013.11.20"]
[SourceQuality "1"]
[WhiteTeam "Clichy (U20)"]
[BlackTeam "Saint Mande U20"]
[WhiteTeamCountry "FRA"]
[BlackTeamCountry "FRA"]

1. e4 c5 2. Nf3 Nc6 3. c3 d5 4. exd5 Qxd5 5. d4 e6 6. Be2 Nf6 7. 0-0 Be7 8. Be3 cxd4 9. cxd4 0-0 10. Nc3 Qd8 11. Rc1 Nb4 12. Ne5 Nbd5 13. Bf3 Nxe3 14. fxe3 Nd5 15. Nxd5 exd5 16. Qb3 Bg5 17. Bxd5 Bxe3+ 18. Kh1 Bxc1 19. Nxf7 Qe7 20. Ne5+ Kh8 21. Rxf8+ Qxf8 22. Nf7+ Kg8 23. Ne5+ Kh8 24. Nf7+ Kg8 25. Ne5+ 1/2-1/2

[Event "Syre Memorial op 35th"]
[Site "Issy les Moulineaux"]
[Date "2012.05.19"]
[Round "5"]
[White "Lutard, Theo"]
[Black "Drouot, Frederic"]
[Result "0-1"]
[WhiteElo "1744"]
[BlackElo "2052"]
[PlyCount "56"]
[EventDate "2012.05.17"]
[EventType "swiss"]
[EventRounds "6"]
[EventCountry "FRA"]
[SourceTitle "EXT 2015"]
[Source "ChessBase"]
[SourceDate "2014.11.20"]
[SourceVersion "1"]
[SourceVersionDate "2014.11.20"]
[SourceQuality "1"]

1. e4 Nf6 2. e5 Nd5 3. d4 d6 4. Nf3 g6 5. Bc4 Nb6 6. Bb3 d5 7. 0-0 Bg7 8. c3 Bf5 9. Nbd2 a5 10. a4 0-0 11. Re1 Na6 12. Nf1 f6 13. Ng3 Bg4 14. e6 Qd6 15. Qe2 c5 16. h3 Bxf3 17. Qxf3 cxd4 18. cxd4 Qb4 19. Qe3 f5 20. Qc3 Bxd4 21. Qxb4 Nxb4 22. Re2 f4 23. Nf1 Rac8 24. Rb1 Rc6 25. Bd2 f3 26. gxf3 Rxf3 27. Bxb4 axb4 28. Bxd5 Nxd5 0-1

[Event "FRA-chT U20 1112"]
[Site "France"]
[Date "2011.12.03"]
[Round "1"]
[White "Lutard, Theo"]
[Black "Heurteaux, Raphael"]
[Result "1-0"]
[WhiteElo "1686"]
[BlackElo "1528"]
[PlyCount "119"]
[EventDate "2011.12.03"]
[EventType "team-swiss"]
[EventRounds "7"]
[EventCountry "FRA"]
[SourceTitle "EXT 2013"]
[Source "ChessBase"]
[SourceDate "2012.11.22"]
[SourceVersion "1"]
[SourceVersionDate "2012.11.22"]
[SourceQuality "1"]

1. e4 c5 2. Nf3 Nc6 3. c3 Nf6 4. e5 Ng4 5. d4 cxd4 6. cxd4 g6 7. Be2 d6 8. h3 Nh6 9. 0-0 Bg7 10. Re1 0-0 11. Nc3 Qc7 12. Nb5 Qd7 13. exd6 exd6 14. d5 Ne7 15. Qb3 a6 16. Nbd4 Nhf5 17. Nxf5 Nxf5 18. Bd3 Nd4 19. Nxd4 Bxd4 20. Bg5 Re8 21. Qc4 Bxb2 22. Rab1 Rxe1+ 23. Rxe1 f6 24. Bh6 b5 25. Qb4 Be5 26. f4 a5 27. Qxb5 Qxb5 28. Bxb5 Bd4+ 29. Kh2 Bb7 30. Bc4 Rc8 31. Re7 Rxc4 32. Rg7+ Kh8 33. Rxb7 Rc8 34. Rd7 Bc5 35. Bg7+ Kg8 36. Bxf6 Be3 37. Bg5 Rc2 38. Rxd6 Rxa2 39. Rd8+ Kf7 40. d6 Bb6 41. Rb8 h6 42. Bxh6 Rb2 43. d7 Rb4 44. Rxb6 Rd4 45. Ra6 a4 46. Rxa4 Rxd7 47. Bg5 Rd3 48. Ra7+ Ke6 49. Ra6+ Kf7 50. Ra7+ Ke6 51. Re7+ Kd6 52. Rg7 Rb3 53. Rxg6+ Kd5 54. f5 Ke5 55. f6 Rb6 56. f7 Rxg6 57. f8Q Rxg5 58. h4 Rf5 59. Qxf5+ Kxf5 60. Kg3 1-0

[Event "FRA-ENG U12"]
[Site "Torcy"]
[Date "2011.08.28"]
[Round "4.4"]
[White "Messere, Owen"]
[Black "Lutard, Theo"]
[Result "1-0"]
[WhiteElo "1699"]
[BlackElo "1697"]
[PlyCount "31"]
[EventDate "2011.08.25"]
[EventType "team-match"]
[EventRounds "6"]
[EventCountry "FRA"]
[SourceTitle "EXT 2012"]
[Source "ChessBase"]
[SourceDate "2011.11.24"]
[SourceVersion "1"]
[SourceVersionDate "2011.11.24"]
[SourceQuality "1"]

1. e4 e5 2. Bc4 Nf6 3. Nc3 Nc6 4. d3 Bc5 5. f4 d6 6. f5 h6 7. a3 a6 8. h3 Qe7 9. Nf3 Bd7 10. b4 Ba7 11. g4 h5 12. g5 Nh7 13. g6 fxg6 14. fxg6 Nf8 15. Bf7+ Kd8 16. Bg5 1-0